Most Popular Sodas in America - Statistics

General Stats
  • This quiz has been taken 183 times
    7 since last reset
  • The average score is 12 of 15
Answer Stats
Flavor Answer % Correct
Cola Coca-Cola
100%
Cola Diet Coke
100%
Pepper Soda Dr. Pepper
100%
Orange Fanta
100%
Cola Pepsi-Cola
100%
Lemon-Lime Sprite
100%
Lemon-Lime 7-Up
80%
Root Beer A&W Root Beer
80%
Cola Diet Pepsi
80%
Ginger Ale Canada Dry Ginger Ale
60%
Cola Coke Zero
60%
Orange Crush
60%
Lemon-Lime Mountain Dew
60%
Lemon-Lime Starry
60%
Orange Sunkist
40%
No matching quizzes found
Score Distribution
Percent of People with Each Score
Percentile by Number Answered
Your Score History
You have not taken this quiz since the last reset